000 00553nam a2200205 i 4500
001 C2-0019091
003 PPAK
005 20190630221949.0
008 970202s1984 my a|||| ||||| | may d
040 _aPPAK
_beng
_cPPAK
_erda
082 0 4 _a302
_223
090 0 0 _a302
_bBER
_dG
245 0 0 _aBersama rakyat!
264 1 _aPetaling Jaya, Selangor :
_bInstitut Analisa Sosial ,
_c1984
300 _a60 pages :
_billustrations ;
_c22 cm
336 _2rdacontent
_atext
337 _2rdamedia
_aunmediated
338 _2rdacarrier
_avolume
942 _ddc
_cB
999 _c4274
_d4274